000 01161naa a22003257a 4500
001 BR8006558
003 BR-BrBNA
005 20240918174704.0
007 ta
008 230509b bl.||||| |||| 00| 0 por d
040 _aBR-BrBNA
_bpor
_cBiblioteca Nacional de Agricultura
041 _a(Pt)
072 _aF27; F28
_b1910
090 _aF27 BR8006558
100 1 _aNabinger, C.
100 1 _aMaraschin, G.E.
111 1 _a2. Simposio de Conservacao de Solos do Planalto
_cPasso Fundo, RS (Brazil)
_d30 Jun - 4 Jul 1980
245 1 _aManejo de pastagens nativas e cultivadas como pratica conservacionista [solo]
260 3 _aPasso Fundo, RS (Brasil):
_c1980.
500 _aAnais do 2. Simposio de Conservacao de Solos do Planalto Passo Fundo, RS (Brasil): 1980. p. 115-140 (BR8006558-AM)F27
650 _aPASTAGEM
650 _aMANEJO
650 _aPASTEJO
650 _aSOLO
650 _aCONSERVACAO DO SOLO
650 _aCOMPACTACAO DO SOLO
773 0 _tAnais do 2. Simposio de Conservacao de Solos do Planalto
_wF27 BR8006558
_gPasso Fundo, RS (Brasil), 1980. p. 115-140
909 _a202404
_bLucia
_c55
_dLucia Elande
942 _cAM
_2AGRIS
999 _c312882
_d312882